Language Quiz

Random Language or Letter Quiz

Consonant Quadruplets Quiz Stats

 Plays Quiz Updated Oct 22, 2018

Score 0/20 Timer 06:00
0 Plays Today
% Correct
GHTN
90.3%
STHM
89.5%
RSHL
88.7%
GHTM
88.1%
RKSH
86.4%
RTHL
86.1%
CKSH
86%
RTHW
85.7%
NSCR
85.6%
FFPR
85%
% Correct
NSTR
84.8%
LDSM
84.6%
RTHR
84.4%
CKDR
84%
CKTR
83.5%
RDSM
82.8%
PSTR
81.3%
RSHN
79.8%
NSKR
76.4%
RTWH
74.8%

You're not logged in!

Compare scores with friends on all Sporcle quizzes.
OR
Log In

Sporcle TV

Today on Sporcle TV


Watch our educational content, quiz creation guides, and fun videos on Sporcle TV.

Show Comments

Extras

Top Quizzes Today


Score Distribution

Your Account Isn't Verified!

In order to create a playlist on Sporcle, you need to verify the email address you used during registration. Go to your Sporcle Settings to finish the process.

Report this User

Report this user for behavior that violates our Community Guidelines.

Details: